Sejarah politik Pahang 1880 - 1935 (Record no. 1068)

MARC details
000 -LEADER
fixed length control field 00697nam a2200241 i 4500
001 - CONTROL NUMBER
control field C2-0004426
003 - CONTROL NUMBER IDENTIFIER
control field PPAK
005 - DATE AND TIME OF LATEST TRANSACTION
control field 20190630221820.0
008 - FIXED-LENGTH DATA ELEMENTS--GENERAL INFORMATION
fixed length control field 970125s1993 my a|||| ||||| | may d
020 ## - INTERNATIONAL STANDARD BOOK NUMBER
International Standard Book Number 9836233725
040 ## - CATALOGING SOURCE
Original cataloging agency PPAK
Language of cataloging eng
Transcribing agency PPAK
Description conventions rda
082 04 - DEWEY DECIMAL CLASSIFICATION NUMBER
Classification number 959.5123
Edition number 23
090 00 - LOCALLY ASSIGNED LC-TYPE CALL NUMBER (OCLC); LOCAL CALL NUMBER (RLIN)
Classification number (OCLC) (R) ; Classification number, CALL (RLIN) (NR) 959.5123
Feature heading ARU
Feature heading G
100 1# - MAIN ENTRY--PERSONAL NAME
Personal name Aruna, Gopinath,
Relator term author
245 10 - TITLE STATEMENT
Title Sejarah politik Pahang 1880 - 1935
264 #1 - PRODUCTION, PUBLICATION, DISTRIBUTION, MANUFACTURE, AND COPYRIGHT NOTICE
Place of production, publication, distribution, manufacture Kuala Lumpur :
Name of producer, publisher, distributor, manufacturer Dewan Bahasa dan Pustaka ,
Date of production, publication, distribution, manufacture, or copyright notice 1993
300 ## - PHYSICAL DESCRIPTION
Extent xiii, 279 pages :
Other physical details illustrations ;
Dimensions 24 cm
336 ## - CONTENT TYPE
Source rdacontent
Content type term text
337 ## - MEDIA TYPE
Source rdamedia
Media type term unmediated
338 ## - CARRIER TYPE
Source rdacarrier
Carrier type term volume
650 10 - SUBJECT ADDED ENTRY--TOPICAL TERM
Topical term or geographic name entry element Pahang - Politics and government
942 ## - ADDED ENTRY ELEMENTS (KOHA)
-- dc
Koha item type Book
Holdings
Withdrawn Not for loan Current library Shelving location Date acquired Total Checkouts Full call number Barcode Date last seen Date last checked out Koha item type Total Renewals
    Perpustakaan Awam Sungai Petani Pinjaman Dewasa 11/02/2004 2 959.5123 ARU A00418265 18/10/2022 15/10/2022 Book  
    Perpustakaan Awam Sungai Petani Pinjaman Dewasa 12/02/2004 4 959.5123 ARU A00418266 03/02/2024 18/12/2023 Book 1
    Perpustakaan Jitra Pinjaman Dewasa 22/07/2010 2 959.5123 ARU A00845223 11/12/2022 23/11/2022 Book  
    Perpustakaan Kulim Pinjaman Dewasa 15/12/2003 1 959.5123 ARU A00320853 08/02/2023 02/01/2023 Book  
    Perpustakaan Kulim Pinjaman Dewasa 22/08/2005 2 959.5123 ARU A00335583 27/07/2022 06/07/2022 Book 1
    Perpustakaan Langkawi Pinjaman Dewasa 18/07/2005 1 959.5123 ARU A00352677 10/09/2019 29/08/2019 Book  
    Perpustakaan Yan Pinjaman Dewasa 20/06/2019   959.5123 ARU A00162210 20/06/2019   Book